Who ya gonna call? (Record no. 77120)
[ view plain ]
| 000 -LEADER | |
|---|---|
| fixed length control field | 00748cab a2200193 4500 |
| 001 - CONTROL NUMBER | |
| control field | ##L133631 |
| 008 - FIXED-LENGTH DATA ELEMENTS--GENERAL INFORMATION | |
| fixed length control field | 060525n2006 000 0 eng u |
| 035 ## - SYSTEM CONTROL NUMBER | |
| System control number | (Sirsi) u133631 |
| 041 0# - LANGUAGE CODE | |
| Language code of text/sound track or separate title | eng |
| 100 1# - MAIN ENTRY--PERSONAL NAME | |
| Personal name | Rose, James |
| 245 00 - TITLE STATEMENT | |
| Title | Who ya gonna call? |
| 260 ## - PUBLICATION, DISTRIBUTION, ETC. | |
| Date of publication, distribution, etc. | 2006 |
| 490 #0 - SERIES STATEMENT | |
| Series statement | Building |
| Volume/sequential designation | 271(8431) 19 May 2006, 52-53(2) |
| 520 ## - SUMMARY, ETC. | |
| Summary, etc. | Reports on the growth in the employment market for building surveyors, which is mainly being driven by their legal compliance and due diligence skills. Fears about a skills shortage are forcing salaries up, as competition for building surveyors intensifies. |
| 590 ## - LOCAL NOTE (RLIN) | |
| Local note | IKA060606 |
| 651 #4 - SUBJECT ADDED ENTRY--GEOGRAPHIC NAME | |
| Geographic name | United Kingdom |
| Chronological subdivision | |
| 690 ## - LOCAL SUBJECT ADDED ENTRY--TOPICAL TERM (OCLC, RLIN) | |
| Topical term or geographic name as entry element | BUILT ENVIRONMENT-BUILDING INSPECTION-BUILDING SURVEYORS |
| 942 ## - ADDED ENTRY ELEMENTS (KOHA) | |
| Suppress in OPAC | 0 |
| Withdrawn status | Lost status | Source of classification or shelving scheme | Damaged status | Not for loan | Home library | Current library | Shelving location | Date acquired | Total Checkouts | Full call number | Barcode | Date last seen | Copy number | Price effective from | Koha item type |
|---|---|---|---|---|---|---|---|---|---|---|---|---|---|---|---|
| Dewey Decimal Classification | London | London | Journal article | 25/05/2006 | L133631 | 133631-1001 | 06/08/2019 | 1 | 06/08/2019 | Journal article |